|
|
|
|
| LEADER |
00662 a2200157 4500 |
| 008 |
100208b ||||| |||| 00| 0 eng d |
| 082 |
|
|
|a 338.10954
|
| 100 |
|
|
|a Bardhan, Pranab.
|
| 245 |
|
|
|a Poverty, agrarian structure, and political economy in India :
|b selected essays /
|c Pranab Bardhan
|
| 260 |
|
|
|b Oxford,
|a New Delhi:
|c 2003.
|
| 650 |
|
|
|a poverty-India
|
| 650 |
|
|
|a agriculture--economic aspects-India
|
| 650 |
|
|
|a Rural conditions-India
|
| 942 |
|
|
|c BK
|
| 999 |
|
|
|c 317204
|d 317204
|
| 952 |
|
|
|0 0
|1 0
|2 ddc
|4 0
|6 338_195400000000000_BAR_P
|7 0
|9 363311
|a ECN
|b ECN
|c GEN
|d 2010-09-07
|e Cosmo Books, Thrissur
|g 0.00
|i 7714
|l 2
|o 338.1954 BAR/P
|p ECN7714
|r 2017-09-19
|s 2017-09-11
|w 2010-09-07
|y BK
|